000 00850nas a2200265 4500
001 BR2015003508
003 BR-BrBNA
005 20231205125419.0
007 ta
008 230509b bl.|||p| |||| 00| 00por d
040 _aBR-BrBNA
_bpor
_cBiblioteca Nacional de Agricultura
041 _a(Pt)
072 _aF01
100 1 _aMarco Junior, J. de
100 1 _aCorrea, D.
100 1 _aNakai, E.H.
245 1 _aEfeito do regulador de crescimento trinexapac-ethyl na produtividade de trigo
650 _aTRIGO
650 _aREGULADOR DE CRESCIMENTO
650 _aPRODUTIVIDADE
773 0 _tActa Iguazu (Brazil)
_xISSN 2316-4093
_g(2013), v. 2(1) p. 14-19
_wBR2015003508
856 4 0 _uhttp://e-revista.unioeste.br/index.php/actaiguazu/article/download/7891/5835
909 _a202311
_bLúcia
_c55
_dLúcia Elande
942 _2AGRIS
_n0
_cANA
999 _c244249
_d244249